| 000 | 01007nam a2200277 a 4500 | ||
|---|---|---|---|
| 001 | 25493 | ||
| 003 | CO-ViMGA | ||
| 005 | 20230915232101.0 | ||
| 008 | 141112s2004 ck r 000 u spa d | ||
| 020 | _a9788496968813 | ||
| 040 |
_aCO-ViMGA _bspa _cCO-ViMGA |
||
| 041 | _aspa eng | ||
| 043 | _an - us - - - | ||
| 082 | 0 | 4 | _a813.5 B76g |
| 100 | 1 |
_aBrooks, Max, 1972 - _938921 |
|
| 245 | 1 | 0 |
_aGuerra mundial Z : _buna historia oral de la guerra zombi / _cMax Brooks ; traducción de Pilar Ramírez Tello. |
| 250 | _a6a. ed. | ||
| 260 |
_a[Madrid?] : _bAlmuzara, _c2012. |
||
| 300 | _a457 p. ; 22 cm. | ||
| 650 | 1 | 4 |
_aNovela estadounidense. _9761 |
| 700 | 1 |
_aRamírez Tello, Pilar, tr. _938922 |
|
| 942 |
_2ddc _cBK |
||
| 949 | _an n | ||
| 999 |
_c33078 _d33078 |
||